[Event "XXXVIII Abierto Internacional "]
[Site "Sevilla (SPAIN)"]
[Date "2013.01.18"]
[Round "8.16"]
[White "GUTIERREZ VALERO, Mario"]
[Black "MONTERO MELENDEZ, Rafael"]
[Result "0-1"]
[WhiteElo "2131"]
[BlackElo "2316"]
[Annotator "Montecatine,R"]
[PlyCount "62"]
[EventDate "2013.01.11"]

1. d4 Nf6 2. c4 e6 3. Nf3 b6 4. g3 Bb7 5. Bg2 c5 6. d5 exd5 7. Nh4 g6 8. O-O
Bg7 9. cxd5 d6 10. Nc3 O-O 11. e4 Ba6 12. Re1 Nbd7 13. f4 Re8 14. Nf3 c4 15.
Nd4 Nc5 16. e5 Nd3 17. Nc6 Qc7 18. Re3 Nd7 19. Ne4 $14 Bf8 (19... dxe5) 20. Bh3
f5 $2 (20... Kg7) 21. exf6 $18 Rxe4 22. Rxe4 Nxf6 23. Re2 $2 (23. Be6+ Kh8 24.
Re3 $18) 23... Bc8 $14 24. Bxc8 Qxc8 25. b3 b5 $2 (25... Nxd5) 26. bxc4 bxc4
27. Rc2 Qf5 28. Rxc4 Re8 {Diagrama #} 29. Nd4 $4 (29. Bd2 $14) 29... Qxd5 $19
30. Qxd3 Re4 31. Kf2 Qh5 0-1

[Event "XXXVIII Abierto Internacional "]
[Site "Sevilla (SPAIN)"]
[Date "2013.01.18"]
[Round "8.17"]
[White "SGNAOLIN, Davide"]
[Black "MEDINA CARRASCO, Santiago"]
[Result "1-0"]
[WhiteElo "2269"]
[BlackElo "2166"]
[Annotator "Montecatine,R"]
[PlyCount "113"]
[EventDate "2013.01.11"]

1. c4 c6 2. Nf3 d5 3. b3 Nf6 4. Bb2 g6 5. g3 Bg7 6. Bg2 O-O 7. O-O Nbd7 8. d3
Re8 9. Qc2 e5 10. cxd5 Nxd5 11. a3 N7b6 12. Nbd2 h5 13. Rad1 Bg4 14. Nc4 Bxf3
15. Bxf3 h4 16. d4 hxg3 17. hxg3 exd4 18. Bxd4 Bxd4 (18... Qe7) 19. Rxd4 Qf6 (
19... Qe7) 20. Rh4 Kg7 (20... Rad8) 21. Kg2 Rh8 22. Rfh1 Rxh4 23. Rxh4 Rh8 24.
Rxh8 Kxh8 25. Na5 $16 Qe7 26. b4 Kg8 27. Qe4 Qd7 28. Qe5 Qc8 29. b5 Qc7 30.
Qe8+ Kg7 31. bxc6 bxc6 32. Qxc6 {Diagrama #} Qe5 33. Nb7 Qg5 34. Qd6 Nc3 35.
Nd8 Nb5 36. Qd3 Nxa3 37. Nxf7 Kxf7 38. Qxa3 Qe7 39. Qb3+ Qe6 40. Qb5 Kg7 41.
Qa6 Qf7 42. Bb7 Nd7 43. Qxa7 Nf6 44. Qb6 Qe7 45. Bf3 Qe5 46. e3 Qe8 47. Qc7+
Kh6 48. Qf4+ Kg7 49. Qd4 Qe6 50. e4 g5 51. e5 Nd7 52. Bg4 Qc6+ 53. Kg1 Nf8 54.
e6+ Kh6 55. Qf6+ Ng6 56. Bf5 Qe8 57. Bxg6 1-0

[Event "XXXVIII Abierto Internacional "]
[Site "Sevilla (SPAIN)"]
[Date "2013.01.18"]
[Round "8.18"]
[White "CARRETERO ORTIZ, Francisco"]
[Black "FERNANDEZ RODRIGUEZ, Jose A"]
[Result "0-1"]
[WhiteElo "2258"]
[BlackElo "2164"]
[Annotator "Montecatine,R"]
[PlyCount "150"]
[EventDate "2013.01.11"]

1. Nc3 d5 2. e4 dxe4 3. Nxe4 Nf6 4. Nxf6+ exf6 5. Bc4 Bd6 6. Qe2+ Qe7 7. Qxe7+
Kxe7 8. d3 Be6 9. Be3 Nc6 10. O-O-O Ne5 11. Bxe6 fxe6 12. h3 h5 13. Ne2 Kf7 14.
Nc3 a6 15. Ne4 Rad8 16. Rhe1 Rhe8 17. Nxd6+ cxd6 18. d4 Ng6 {Diagrama #} 19. d5
$6 exd5 $15 20. Rd4 Re4 21. Red1 Rxd4 22. Rxd4 Ne7 23. Rb4 Rd7 24. g4 hxg4 25.
hxg4 b5 26. Rd4 Ke6 27. Rd1 g5 28. Re1 Kf7 29. Rd1 Rd8 30. f4 gxf4 31. Bxf4 Ng6
$17 32. Bg3 (32. Be3) 32... Ke6 33. Re1+ Ne5 34. g5 fxg5 $19 35. Rh1 Rf8 36.
Rh6+ Rf6 37. Rh8 Kf5 38. Ra8 Ke4 39. Rxa6 Nc4 40. Kd1 Nxb2+ 41. Ke2 Nc4 42. Ra8
Rf3 43. Be1 Ra3 44. Re8+ Kf5 45. Rf8+ Ke6 46. Rg8 Rxa2 47. Rxg5 Rxc2+ 48. Kd3
Rc1 49. Bc3 Ne5+ 50. Kd2 Nf3+ 51. Kxc1 Nxg5 52. Kc2 Nf3 53. Kd3 d4 54. Ba5 Kd5
55. Bb4 Ne5+ 56. Kd2 Ke4 57. Ke2 d3+ 58. Kd2 Nc4+ 59. Kd1 d2 60. Ke2 d5 61. Bf8
d4 62. Be7 Kd5 63. Bf8 d1=Q+ 64. Kxd1 Ne3+ 65. Kc1 Kc4 66. Be7 Kc3 67. Bh4 b4
68. Be1+ Kc4 69. Kb2 Nd1+ 70. Kc1 Nc3 71. Bh4 b3 72. Bg5 Na4 73. Bf6 b2+ 74.
Kb1 Kb3 75. Bxd4 Nc3+ 0-1

[Event "XXXVIII Abierto Internacional "]
[Site "Sevilla (SPAIN)"]
[Date "2013.01.18"]
[Round "8.19"]
[White "IBARRA JEREZ, Jose Carlos"]
[Black "DHAR-BARUA, Saheli"]
[Result "1-0"]
[WhiteElo "2538"]
[BlackElo "2091"]
[Annotator "Montecatine,R"]
[PlyCount "75"]
[EventDate "2013.01.11"]

1. e4 e6 2. Nf3 d5 3. Nc3 d4 4. Ne2 c5 5. c3 dxc3 6. bxc3 Nf6 7. e5 Nd5 8. Ng3
Nc6 9. Bc4 Be7 10. O-O O-O 11. Bb3 b6 12. Qe2 f5 13. exf6 Bxf6 14. Qe4 Qd6 15.
Re1 Bd7 16. Ba3 Rae8 17. Nh5 g6 18. Nxf6+ Rxf6 19. d4 Nxc3 20. Qe3 Nd5 21. dxc5
Nxe3 22. cxd6 Nd5 $16 23. Ng5 Rf5 24. Ne4 Kf7 25. Bb2 h6 26. g4 Rf4 (26... Rf3)
27. Bd1 Rc8 28. Bc1 Nd4 29. Bxf4 Nxf4 30. Nd2 Nc2 31. Bxc2 Rxc2 32. Nf3 Nh3+
33. Kg2 {Diagrama #} Nxf2 $2 (33... Nf4+ 34. Kg3 Ne2+) 34. Ne5+ Ke8 35. Kg3 $18
g5 36. Re3 Rd2 37. Rf1 Nd1 38. Ref3 1-0

[Event "XXXVIII Abierto Internacional "]
[Site "Sevilla (SPAIN)"]
[Date "2013.01.18"]
[Round "8.15"]
[White "LASINSKAS, Povilas"]
[Black "SERRANO SALVADOR, Eduardo"]
[Result "0-1"]
[WhiteElo "2183"]
[BlackElo "2349"]
[Annotator "Montecatine,R"]
[PlyCount "118"]
[EventDate "2013.01.11"]

1. d4 Nf6 2. c4 d6 3. Nc3 Nbd7 4. e4 e5 5. d5 Nc5 6. f3 a5 7. Be3 Be7 8. Bd3
Nh5 9. Nge2 Bg5 10. Qd2 h6 11. O-O Bxe3+ 12. Qxe3 Qg5 13. Qxg5 hxg5 14. Bc2 Bd7
15. b3 Ke7 16. a3 Nf4 {Diagrama #} 17. h3 (17. Nxf4) 17... Nxg2 18. Kxg2 Bxh3+
19. Kf2 Bxf1 20. Rxf1 Rh2+ 21. Ke3 Rah8 22. Rg1 f6 23. Nd1 g6 24. Nf2 Kf7 25.
Nc3 Ke7 26. Nb5 c6 27. Nc3 Na6 28. Bd3 c5 29. Bf1 Nc7 30. Rg3 Ne8 31. Rg1 Ng7
32. Bd3 Nh5 33. Ne2 Ng7 34. Nc3 R8h5 35. Ke2 R5h4 36. Ke3 Nh5 37. Ne2 Kf7 38.
Bb1 Nf4 39. Nxf4 gxf4+ 40. Ke2 R4h3 41. Rg4 Rg3 42. Bd3 Rh5 43. a4 f5 44. exf5
gxf5 45. Bxf5 Rxf5 46. Rh4 Rfg5 47. Ne4 Rg2+ 48. Kd3 R5g3 49. Nxg3 fxg3 50. Rg4
Rg1 51. Ke2 Kf6 52. Rg8 b6 53. Ke3 Rb1 54. Rxg3 Rxb3+ 55. Kd2 e4 56. Rh3 exf3
57. Rh6+ Ke5 58. Re6+ Kd4 59. Rxd6 Rc3 0-1